Polityka cenowa przedsiębiorstw mleczarskich

Saved in:
Bibliographic Details
Main Author: Rembielak-Vitchev, Grażyna
Other Authors: Rutkowska, Małgorzata
Format: Book Chapter
Language:Polish
Tags: Add Tag
No Tags, Be the first to tag this record!

MARC

LEADER 00000naa a2200000 4500
001 0151531
005 20220622102207.1
041 0 |a pol 
044 |a PL 
245 1 0 |a Polityka cenowa przedsiębiorstw mleczarskich  |c Grażyna Rembielak-Vitchev, Małgorzata Rutkowska 
100 1 |a Rembielak-Vitchev, Grażyna 
700 1 |a Rutkowska, Małgorzata